Orissa Service Code (Compilation) (Record no. 51163)
[ view plain ]
| 000 -LEADER | |
|---|---|
| fixed length control field | 00249nam a2200097Ia 4500 |
| 008 - FIXED-LENGTH DATA ELEMENTS--GENERAL INFORMATION | |
| fixed length control field | 230524s9999 xx 000 0 und d |
| 245 #0 - TITLE STATEMENT | |
| Title | Orissa Service Code (Compilation) |
| 500 ## - GENERAL NOTE | |
| General note | Quantity Number: 1 |
| 650 ## - SUBJECT ADDED ENTRY--TOPICAL TERM | |
| Topical Term | Miscellaneous |
| 942 ## - ADDED ENTRY ELEMENTS (KOHA) | |
| Koha item type | Books |
| Lost status | Damaged status | Permanent Location | Current Location | Shelving location | Date acquired | Accession Number | Koha item type |
|---|---|---|---|---|---|---|---|
| Central Library, Trident Academy of Technology | Central Library, Trident Academy of Technology | General Stacks | 05/24/2023 | 45631 | Books |
